Statistics for Marvel Movies With "Man" In Its Name

Click here to take the quiz!

General Stats

  • This quiz has been taken 27 times
  • The average score is 6 of 8

Answer Stats

Answer% Correct
Iron Man
100%
Ant-Man
92%
Iron Man 2
84%
Iron Man 3
84%
Ant-Man And The Wasp
72%
Spider-Man: Homecoming
72%
Spider-Man: Far From Home
68%
Spider-Man: No Way Home
64%

Score Distribution

Percentile by Number Answered

Percent of People with Each Score

Your Score History

You have not taken this quiz